Nádherný svět moří a oceánů. (Záznam č. 33528)
| 000 -Návěští | |
|---|---|
| Řídící pole kódované 24B | 01590cam a2200409 i 4500 |
| 001 - Kontrolní číslo | |
| Řídící pole proměnné | 1209363 |
| 003 - Identifikátor kontrolního čísla | |
| Řídící pole proměnné | CZ PrSKC |
| 005 - Datum posledního zpracování | |
| Řídící pole 16B | 20250909102416.0 |
| 007 - Pole pevné délky pro fyzický popis | |
| Řídící pole kódované | ta |
| 008 - Údaje pevné délky | |
| Řídící pole kódované 40B | 231023s2023 xr abc g 000 0 cze d |
| 020 ## - ISBN | |
| ISBN | 9788076872400 |
| 040 ## - Zdroj katalogizace-agentura | |
| Agentura původní katalogizace | HKA001 |
| Jazyk katalogizace | cze |
| Agentura upravující záznam | LIA001 |
| Použitá pravidla popisu | rda |
| 041 1# - Kód jazyka | |
| Kód jazyka textu/zvuku, mezititulků | cze |
| Kód jazyka originálu | spa |
| 072 #7 - Kód předmětové kategorie - Konspekt | |
| Předmětová kategorie | 59 |
| Zpřesnění předmětové kategorie | Zoologie |
| Zdroj předmětové klasifikace | Konspekt |
| 080 ## - MDT | |
| Klasifikační znak MDT | 599 |
| Idetifikátor vydání MDT | MRF-sel |
| 080 ## - MDT | |
| Klasifikační znak MDT | 591.5 |
| Idetifikátor vydání MDT | MRF-sel |
| 100 1# - Hlavní záhlaví - osobní jméno autora | |
| Osobní jméno | García Nieto, Eliseo, |
| Datumy související se jménem | 1966- |
| Kód role | aut |
| 9 (RLIN) | 19745 |
| 240 10 - Unifikovaný název | |
| Unifikovaný název | <a href="Magnífico libro de las ballenas.">Magnífico libro de las ballenas.</a> |
| Jazyk díla | Česky |
| 245 10 - Údaje o názvu | |
| Název | Nádherný svět moří a oceánů. |
| Název části/sekce díla | Velryby / |
| Údaj o odpovědností, atd. | Eliseo García Nieto ; ilustrace Pilar Pascualová ; překlad: Hana Jovanovičová |
| 246 30 - Variantní vázvy | |
| Hlavní název/zkrácený název | Velryby |
| 250 ## - Údaje o vydání | |
| Označení vydání | 1. vydání |
| 264 #1 - Nakladatelské údaje | |
| Místo vydání | Říčany : |
| Nakladatel | SUN, |
| Rok vydání | 2023 |
| 300 ## - Fyzický popis | |
| Rozsah | 81 stran : |
| další fyzické údaje | barevné ilustrace, mapy, 1 portrét ; |
| Rozměry | 36 cm |
| 500 ## - Všeobecná poznámka | |
| Text obecné poznámky | Přeloženo ze španělštiny |
| 500 ## - Všeobecná poznámka | |
| Text obecné poznámky | Částečně tištěno napříč |
| 520 2# - Anotace | |
| Anotace, atd. | Velkoformátová kniha s realistickými ilustracemi přibližuje fascinující svět velryb. Popisuje, jak se starají o svá mláďata, jak se dorozumívají a svolávají ke společnému lovu, nebo jak volají o pomoc. |
| 650 07 - Vedlejší věcné záhlaví - věcné téma | |
| Věcné téma | kytovci |
| Zdroj záhlaví nebo termínu | czenas |
| 9 (RLIN) | 19746 |
| 650 07 - Vedlejší věcné záhlaví - věcné téma | |
| Věcné téma | velrybovití |
| Zdroj záhlaví nebo termínu | czenas |
| 9 (RLIN) | 19747 |
| 650 07 - Vedlejší věcné záhlaví - věcné téma | |
| Věcné téma | ekologie živočichů |
| Zdroj záhlaví nebo termínu | czenas |
| 9 (RLIN) | 218 |
| 655 #7 - Rejstříkový termín - žánr/forma | |
| Žánr/forma či základní termín | populárně-naučné publikace |
| -- | 223 |
| 655 #7 - Rejstříkový termín - žánr/forma | |
| Žánr/forma či základní termín | obrazové publikace |
| -- | 809 |
| 655 #7 - Rejstříkový termín - žánr/forma | |
| Žánr/forma či základní termín | publikace pro děti |
| -- | 3 |
| 700 1# - Vedlejší záhlaví - osobní jméno autora | |
| Osobní jméno | Pascual, Pilar |
| Rozpis iniciál jména | (Pascual García), |
| Datumy související se jménem | 1976- |
| Kód role | ill |
| 9 (RLIN) | 19748 |
| 700 1# - Vedlejší záhlaví - osobní jméno autora | |
| Osobní jméno | Jovanovičová, Hana, |
| Datumy související se jménem | 1951- |
| Kód role | trl |
| 9 (RLIN) | 14425 |
| 910 ## - Údaje o vlastníkovi jednotky (exempláře) | |
| Sigla vlastníka jednotky | ABG508 |
| Stav ztráty | Zdroj klasifikace pro skladování | Stav poškození |
|---|---|---|
| Universal Decimal Classification |